000 00190nam a2200085Ia 4500
008 200302s9999 xx 000 0 und d
100 _aHeinrich Koltz
245 _aNew Museums
260 _bPublisher
999 _c765
_d765